| 000 | 00527nam a2200205Ia 4500 | ||
|---|---|---|---|
| 005 | 20240823050835.0 | ||
| 008 | 240823s9999||||xx |||||||||||||| ||und|| | ||
| 020 | _a0-9623731-3-3 | ||
| 041 | _aENGLISH | ||
| 082 | _A532.05015118 P0 | ||
| 100 | _aKlaus A Hoffmann | ||
| 245 | 0 | _aComputational Fluid Dynamics Vol 3 | |
| 250 | _a4th | ||
| 260 |
_c2000 _bEngineering Education S |
||
| 500 | _aTRANSFERED | ||
| 650 |
_aFluid Dynamics _bAerospace Engineering |
||
| 700 | _a Steve T Chiang | ||
| 942 | _cBK | ||
| 999 |
_c218178 _d218178 |
||